Statistieken voor Tien GROOTSTE landen ter wereld

Klik hier om de quiz te nemen!

Algemene statistieken

  • Deze quiz is 52 keer genomen
  • De gemiddelde score is 9 van 10

Antwoordstatistieken

HintAntwoord% Correct
2.Canada
100%
4.China
100%
1.Rusland
100%
3.Verenigde Staten
100%
7.India
97%
6.Australie
94%
5.Brazilie
92%
9.Kazachstan
83%
8.Argentinie
81%
10.Algerije
72%

Scoreverdeling

Percentiel versus Aantal Correcte Antwoorden

Procent van Mensen met Elke Score

Uw Scoregeschiedenis

U heeft deze quiz nog niet genomen